| 000 | 00519nam a2200217Ia 4500 | ||
|---|---|---|---|
| 008 | 210210b2012 xxu||||| |||| 00| 0 eng d | ||
| 020 | _a9788183875325 | ||
| 041 | _aeng | ||
| 082 | _a341.481 SINH | ||
| 100 | _aSINGH (Awadhesh Kumar) | ||
| 245 | _aHuman rights violence and crimes | ||
| 260 |
_aNew Delhi _bSerials Publications _c2012 |
||
| 300 | _axii,280 | ||
| 650 | _aviolence | ||
| 650 | _arights | ||
| 650 | _aHuman | ||
| 650 | _acrimes | ||
| 650 | _aand | ||
| 690 | _aHuman Rights | ||
| 906 | _a066870 | ||
| 999 |
_c149324 _d149324 |
||